ZB1 discography - Statistics

General Stats
  • This quiz has been taken 134 times
    101 since last reset
  • The average score is 25 of 35
Answer Stats
Answer % Correct
In Bloom
99%
In Bloom (Japanese ver.)
99%
CRUSH
93%
CRUSH (Japanese ver.)
93%
GOOD SO BAD
92%
GOOD SO BAD (Japanese ver.)
92%
Melting Point
92%
Feel the POP
87%
Feel the POP (Japanese ver.)
86%
New Kidz on the Block
86%
Take My Hand
85%
Always
83%
Good Night
83%
KILL THE ROMEO
82%
And I
80%
Kidz Zone
79%
Our Season
79%
Insomnia
77%
Back to ZEROBASE
76%
Solar POWER
76%
Sweat
76%
Sunday RIDE
75%
Yura Yura
75%
YURA YURA (Korean ver.)
75%
HELLO
73%
Dear ECLIPSE
69%
The Sea- ZB1 Remake
59%
Road Movie
56%
Eternity
54%
Only One Story
37%
I WANNA KNOW
34%
Reaching for you
31%
Reaching for you (inst.)
31%
Luv Luv Luv
28%
More Than Enough
18%
No matching quizzes found
Score Distribution
Percent of People with Each Score
Percentile by Number Answered
Your Score History
You have not taken this quiz since the last reset